[Event "SR 3. liga A2 2018/2019"]
[Site "?"]
[Date "2019.01.27"]
[Round "7.1"]
[White "Slamena, Michal"]
[Black "Puskar, David"]
[Result "1-0"]
[WhiteElo "1984"]
[BlackElo "1834"]
[PlyCount "53"]
[EventDate "2018.??.??"]

1. e4 e6 2. d4 d5 3. Nc3 dxe4 4. Nxe4 Nd7 5. Nf3 Ngf6 6. Bg5 Be7 7. Bxf6 Nxf6
8. Bd3 O-O 9. O-O b6 10. Re1 Rb8 11. c3 c5 12. Qc2 g6 13. dxc5 bxc5 14. Ne5 Qc7
15. Ng5 Bd6 16. Ngf3 Bb7 17. Rad1 Rfd8 18. c4 Bf8 19. Ng5 Ng4 20. Nxg4 Qf4 21.
Ne4 f5 22. g3 Qc7 23. Ng5 Qc6 24. f3 fxg4 25. Be4 Qb6 26. Bxg6 Bg7 27. Bxh7+
1-0

[Event "SR 3. liga A2 2018/2019"]
[Site "?"]
[Date "2019.01.27"]
[Round "7.1"]
[White "Bisco, Igor"]
[Black "Babirat, Michal"]
[Result "0-1"]
[WhiteElo "2056"]
[BlackElo "1859"]
[PlyCount "84"]
[EventDate "2018.??.??"]
[BlackTeam " C"]

1. e4 c5 2. Nf3 Nc6 3. d4 cxd4 4. Nxd4 g6 5. Nc3 Bg7 6. Be3 Nf6 7. Bc4 Qa5 8.
O-O O-O 9. Bb3 d6 10. h3 Bd7 11. f3 Rac8 12. Nde2 a6 13. Qd2 Rfe8 14. Rfd1 Ne5
15. Nf4 Bc6 16. Nd3 Nfd7 17. f4 Nxd3 18. cxd3 Nc5 19. Bc2 f5 20. d4 Nd7 21.
exf5 gxf5 22. Bxf5 e6 23. Bc2 Nf6 24. Bb3 Kh8 25. Re1 e5 26. dxe5 dxe5 27. fxe5
Rxe5 28. Bf4 Rh5 29. Rad1 Bf8 30. Be6 Bc5+ 31. Kh2 Rf8 32. Bd6 Rd8 33. Qf4 Bxd6
34. Rxd6 Rf8 35. Qd4 Rg5 36. Re2 Qc7 37. Kg1 Rg7 38. Rf2 Qe7 39. Bb3 Nd7 40.
Rxf8+ Nxf8 41. Rd8 Qe1+ 42. Kh2 Qg3+ 0-1

[Event "SR 3. liga A2 2018/2019"]
[Site "?"]
[Date "2019.01.27"]
[Round "7.1"]
[White "Ganzova, Veronika"]
[Black "Starzec, Juraj"]
[Result "1/2-1/2"]
[WhiteElo "1597"]
[BlackElo "1973"]
[PlyCount "97"]
[EventDate "2018.??.??"]

1. e4 e5 2. Nf3 Nf6 3. Nxe5 d6 4. Nf3 Nxe4 5. d4 d5 6. Bd3 Be7 7. O-O Nc6 8. c3
Bg4 9. Re1 f5 10. Nbd2 O-O 11. Qc2 h6 12. Ne5 Nxe5 13. dxe5 Bc5 14. Rf1 Qh4 15.
Nb3 Bb6 16. Nd4 c5 17. Ne6 Rfe8 18. Nf4 c4 19. Bxe4 fxe4 20. Nxd5 Rxe5 21. Nxb6
axb6 22. Be3 Rae8 23. Bd4 Rd5 24. Rac1 Bf5 25. Be3 b5 26. Rcd1 Rd3 27. Rd2 Red8
28. Rfd1 Qh5 29. h3 Qg6 30. Kh1 R8d5 31. Qb1 Bd7 32. Qc2 Qd6 33. Qc1 Rh5 34.
Rxd3 exd3 35. Bf4 Qd5 36. Kg1 Bc6 37. f3 Rf5 38. Qe3 Rf8 39. Re1 Re8 40. Qd2
Rxe1+ 41. Qxe1 Kf7 42. Kf1 Qf5 43. Qe3 h5 44. Kf2 g6 45. Bg5 Qe6 46. Qf4+ Ke8
47. Qb8+ Kf7 48. Qc7+ Qd7 49. Qf4+ 1/2-1/2

[Event "SR 3. liga A2 2018/2019"]
[Site "?"]
[Date "2019.01.27"]
[Round "7.1"]
[White "Gajarsky, Roman"]
[Black "Ganz, Marek"]
[Result "1-0"]
[WhiteElo "1794"]
[BlackElo "1681"]
[PlyCount "83"]
[EventDate "2018.??.??"]

1. e4 e5 2. Nf3 Nc6 3. Bc4 Bc5 4. d3 h6 5. c3 d6 6. b4 Bb6 7. a4 a5 8. b5 Nb8
9. Bb3 Nf6 10. h3 Nbd7 11. Nbd2 Nc5 12. Bc2 Ne6 13. g3 Bd7 14. Nc4 Nc5 15. Nxb6
cxb6 16. Qd2 O-O 17. c4 Qc8 18. g4 Re8 19. Nh4 Ne6 20. Bb3 Kh7 21. Nf5 Ng8 22.
Nxd6 Qc7 23. Nxe8 Rxe8 24. h4 Qd6 25. Bd1 g6 26. g5 Rf8 27. gxh6 Nf4 28. d4 Qe7
29. f3 Nxh6 30. Bc2 Rc8 31. Bd3 Qf6 32. d5 Qe7 33. O-O Rg8 34. Kh2 Kg7 35. Rh1
Kf8 36. Re1 Qc5 37. Ra2 Rh8 38. Kg3 Nxd3 39. Qxd3 Ng8 40. d6 Nf6 41. Kg2 Ne8
42. Kg3 1-0

[Event "SR 3. liga A2 2018/2019"]
[Site "?"]
[Date "2019.01.27"]
[Round "7.1"]
[White "Tupy, Bystrik"]
[Black "Nemcovic, Peter"]
[Result "0-1"]
[WhiteElo "1728"]
[BlackElo "1603"]
[PlyCount "108"]
[EventDate "2018.??.??"]

1. e4 e6 2. d4 d5 3. exd5 exd5 4. Nf3 Bd6 5. Nc3 c6 6. Bd3 Bg4 7. Qe2+ Ne7 8.
Bg5 Nd7 9. h3 Bh5 10. g4 Bg6 11. Bxg6 hxg6 12. Bxe7 Qxe7 13. Qxe7+ Bxe7 14. Ne5
Nxe5 15. dxe5 O-O-O 16. f4 Rh7 17. Kf2 Rdh8 18. Kg2 Bc5 19. Ne2 Re8 20. Rae1
Be7 21. Nd4 c5 22. Nb5 a6 23. Nd6+ Bxd6 24. exd6 Rxe1 25. Rxe1 Rh8 26. Re7 Rd8
27. Rxf7 Rd7 28. Rf8+ Rd8 29. Rxd8+ Kxd8 30. Kf3 Kd7 31. h4 Kxd6 32. h5 gxh5
33. gxh5 Ke6 34. Kg4 Kf6 35. f5 d4 36. Kf4 c4 37. Ke4 d3 38. cxd3 cxd3 39. Kxd3
Kxf5 40. Kc4 Kg5 41. Kc5 Kxh5 42. Kb6 g5 43. Kxb7 g4 44. Kxa6 g3 45. b4 g2 46.
b5 g1=Q 47. a4 Qg6+ 48. b6 Qc6 49. a5 Qa8+ 50. Kb5 Kg6 51. a6 Qd5+ 52. Kb4 Qc6
53. b7 Qb6+ 54. Kc3 Kf6 0-1

[Event "SR 3. liga A2 2018/2019"]
[Site "?"]
[Date "2019.01.27"]
[Round "7.2"]
[White "Gasa, Andrej"]
[Black "Nemeckay, Rastislav"]
[Result "1-0"]
[WhiteElo "2251"]
[BlackElo "1936"]
[PlyCount "49"]
[EventDate "2018.??.??"]

1. d4 d5 2. Nf3 Nf6 3. c4 c6 4. g3 g6 5. Bg2 Bg7 6. O-O O-O 7. Nc3 Nbd7 8. Re1
Re8 9. cxd5 cxd5 10. Bf4 a6 11. Rc1 e6 12. Na4 Ne4 13. Bc7 Qe7 14. Ne5 b5 15.
Nc6 Qf6 16. f3 Nxg3 17. hxg3 bxa4 18. e3 Bb7 19. Na5 Bc8 20. Qxa4 Qe7 21. Qc6
Ra7 22. Re2 Nf6 23. Qb6 Ra8 24. Nc6 Qd7 25. Rec2 1-0

[Event "SR 3. liga A2 2018/2019"]
[Site "?"]
[Date "2019.01.27"]
[Round "7.2"]
[White "Pericka, Tomas"]
[Black "Sebesta, Radovan"]
[Result "1/2-1/2"]
[WhiteElo "1960"]
[BlackElo "1994"]
[PlyCount "45"]
[EventDate "2018.??.??"]

1. e4 c5 2. Nf3 Nc6 3. Bb5 g6 4. O-O Bg7 5. c3 Nf6 6. Qe2 O-O 7. d4 cxd4 8.
cxd4 d6 9. d5 Nb8 10. Nc3 Nbd7 11. Be3 a6 12. Ba4 b5 13. Bc2 Bb7 14. Rac1 Rc8
15. Qd2 Ng4 16. Bd4 Nge5 17. Nxe5 Nxe5 18. b3 Ng4 19. Bxg7 Kxg7 20. Qd4+ Kg8
21. h3 Nf6 22. Bd3 Nd7 23. a4 1/2-1/2

[Event "SR 3. liga A2 2018/2019"]
[Site "?"]
[Date "2019.01.27"]
[Round "7.2"]
[White "Palka, Miroslav"]
[Black "Hanzluvka, Peter"]
[Result "1-0"]
[WhiteElo "1929"]
[BlackElo "1922"]
[PlyCount "59"]
[EventDate "2018.??.??"]

1. c4 c5 2. Nc3 Nc6 3. e4 d6 4. g3 g6 5. Bg2 Bg7 6. Nge2 e6 7. O-O Nge7 8. d3
O-O 9. Be3 Rb8 10. d4 cxd4 11. Nxd4 Ne5 12. b3 a6 13. Rc1 Kh8 14. f4 N5c6 15.
Qd2 f5 16. Rfd1 d5 17. Nxc6 bxc6 18. exd5 cxd5 19. cxd5 Qa5 20. d6 Ng8 21. Na4
Qxd2 22. Rxd2 Nf6 23. Ba7 Rb5 24. Bc6 Ne4 25. Bxe4 fxe4 26. d7 Bxd7 27. Rxd7
Rd5 28. Rxd5 exd5 29. Rd1 Rd8 30. Bd4 1-0

[Event "SR 3. liga A2 2018/2019"]
[Site "?"]
[Date "2019.01.27"]
[Round "7.2"]
[White "Diviak, Rudolf"]
[Black "Skapikova, Lubica"]
[Result "1/2-1/2"]
[WhiteElo "1758"]
[BlackElo "1863"]
[PlyCount "74"]
[EventDate "2018.??.??"]

1. e4 e5 2. Bc4 Nf6 3. d3 d6 4. Nf3 Be7 5. c3 Nc6 6. Bb3 O-O 7. O-O Bg4 8. Re1
Na5 9. Bc2 c5 10. Nbd2 Nc6 11. Nf1 Re8 12. Ng3 Bf8 13. h3 Be6 14. Bg5 h6 15.
Be3 g6 16. Qd2 Kh7 17. d4 cxd4 18. cxd4 Bd7 19. Bb3 exd4 20. Nxd4 Nxe4 21. Nxe4
Rxe4 22. Bxf7 Qf6 23. Nxc6 Qxf7 24. Nd4 Rc8 25. Rac1 d5 26. Rxc8 Bxc8 27. Rc1
Re8 28. Nb5 Be6 29. Rc7 Re7 30. Nd6 Qg8 31. Rxb7 Rxb7 32. Nxb7 Bc8 33. Na5 a6
34. Nb3 Qf7 35. Qc3 Bd7 36. Qc7 Qe6 37. Nd4 Qd6 1/2-1/2

[Event "SR 3. liga A2 2018/2019"]
[Site "?"]
[Date "2019.01.27"]
[Round "7.2"]
[White "Palka, Martin"]
[Black "Pericka, Pavol"]
[Result "0-1"]
[WhiteElo "1839"]
[BlackElo "1777"]
[PlyCount "44"]
[EventDate "2018.??.??"]

1. Nf3 Nc6 2. d4 d5 3. g3 Bg4 4. Bg2 e6 5. O-O Nf6 6. c3 Bd6 7. Bg5 h6 8. Bf4
Bxf4 9. gxf4 Nh5 10. e3 g5 11. h3 Bf5 12. Ne5 Ng7 13. Qa4 gxf4 14. exf4 Nh5 15.
Nxc6 Qd7 16. Qd1 Nxf4 17. Ne5 Qe7 18. Qf3 Qg5 19. Nd2 Bxh3 20. Kh2 Bxg2 21. Qg4
Bxf1 22. Rxf1 f6 0-1

[Event "SR 3. liga A2 2018/2019"]
[Site "?"]
[Date "2019.01.27"]
[Round "7.2"]
[White "Skapik, Branislav"]
[Black "Huska, Branislav"]
[Result "1-0"]
[WhiteElo "1769"]
[BlackElo "1834"]
[PlyCount "99"]
[EventDate "2018.??.??"]

1. e4 c5 2. Nc3 Nc6 3. g3 g6 4. Bg2 Bg7 5. f4 d6 6. Nf3 Nf6 7. d3 O-O 8. O-O
Rb8 9. Be3 Ng4 10. Bd2 Nd4 11. h3 Nxf3+ 12. Qxf3 Nf6 13. g4 b5 14. g5 Nh5 15.
f5 b4 16. Nd5 e6 17. f6 exd5 18. fxg7 Nxg7 19. exd5 Nf5 20. c3 a5 21. Qf4 Qb6
22. Rae1 c4+ 23. d4 Bd7 24. h4 Rbe8 25. Be4 bxc3 26. Bxc3 Nxd4 27. Kh1 Nf5 28.
h5 Re7 29. Bxf5 Rxe1 30. Bxd7 Rxf1+ 31. Qxf1 Qd8 32. Qf6 Qxf6 33. gxf6 h6 34.
Kg2 Kh7 35. Bd2 Rd8 36. Bg4 Re8 37. Bf4 Re4 38. Kg3 Rd4 39. Bf3 gxh5 40. Be3
h4+ 41. Kh3 Rd3 42. Be4+ Kg8 43. Bxd3 cxd3 44. Bxh6 Kh7 45. Bd2 Kg6 46. Bc3 d2
47. Bxd2 Kxf6 48. Kxh4 Ke5 49. Bxa5 Kxd5 50. Kg5 1-0

[Event "SR 3. liga A2 2018/2019"]
[Site "?"]
[Date "2019.01.27"]
[Round "7.2"]
[White "Kir, Kvetoslav"]
[Black "Celustkova, Lubica"]
[Result "1/2-1/2"]
[WhiteElo "1790"]
[BlackElo "1691"]
[PlyCount "57"]
[EventDate "2018.??.??"]

1. d4 f5 2. c4 Nf6 3. Nc3 g6 4. g3 Bg7 5. Bg2 d6 6. Nf3 O-O 7. Qc2 Qe8 8. O-O
e5 9. dxe5 dxe5 10. e4 c6 11. Nh4 Nh5 12. b3 f4 13. Ba3 Rf7 14. Rad1 Na6 15.
Rd2 Nc7 16. Rfd1 Rd7 17. Bd6 Ne6 18. Ne2 Nd4 19. Nxd4 Rxd6 20. Ne2 Rxd2 21.
Qxd2 fxg3 22. hxg3 Bf6 23. Bf3 Ng7 24. Kg2 g5 25. Nf5 Nxf5 26. exf5 Bxf5 27.
Kg1 Rd8 28. Qe1 e4 29. Rxd8 1/2-1/2

[Event "SR 3. liga A2 2018/2019"]
[Site "?"]
[Date "2019.01.27"]
[Round "7.2"]
[White "Hrdlicka, Martin"]
[Black "Dest, Stanislav"]
[Result "1-0"]
[WhiteElo "1465"]
[BlackElo "1545"]
[PlyCount "63"]
[EventDate "2018.??.??"]

1. e4 e5 2. Nf3 Nc6 3. Bb5 a6 4. Ba4 Nf6 5. O-O Be7 6. Re1 b5 7. Bb3 d6 8. c3
Na5 9. Bc2 c5 10. d4 Qc7 11. Nbd2 O-O 12. Nf1 Bd7 13. Ng3 Nb7 14. Nh4 cxd4 15.
cxd4 exd4 16. Nhf5 Bd8 17. Nxd4 Rc8 18. Bf4 Ne8 19. e5 Qb6 20. Qd3 g6 21. e6
fxe6 22. Nxe6 Bxe6 23. Rxe6 Nc5 24. Rxg6+ hxg6 25. Qxg6+ Ng7 26. Qh7+ Kf7 27.
Bg6+ Ke6 28. Re1+ Kd5 29. Be4+ Kc4 30. Rc1+ Kb4 31. Bd2+ Ka4 32. Bc2+ 1-0

[Event "SR 3. liga A2 2018/2019"]
[Site "?"]
[Date "2019.01.27"]
[Round "7.3"]
[White "Jozefek, Michal"]
[Black "Lanc, Alois"]
[Result "1-0"]
[WhiteElo "2187"]
[BlackElo "2287"]
[PlyCount "81"]
[EventDate "2018.??.??"]

1. d4 Nf6 2. c4 d6 3. Nc3 Nbd7 4. Nf3 e5 5. e4 Be7 6. Be2 O-O 7. O-O c6 8. Re1
Re8 9. d5 cxd5 10. cxd5 Nc5 11. Qc2 a5 12. h3 Bd7 13. Be3 Rc8 14. Nd2 Rf8 15.
Rac1 Ne8 16. a3 f5 17. b4 axb4 18. axb4 Na4 19. Qb3 f4 20. Nxa4 fxe3 21. fxe3
Ra8 22. b5 Rf6 23. Rf1 Rg6 24. Bh5 Rh6 25. Bf7+ Kh8 26. Nc4 Nf6 27. Nab6 Rb8
28. Qa4 Be8 29. Bxe8 Qxe8 30. Qa7 Rg6 31. Na5 Rd8 32. Nc6 Nxe4 33. Nxd8 Bxd8
34. Nd7 Nf6 35. Qxb7 h6 36. Nxf6 gxf6 37. Rc8 Rg8 38. Rxf6 Qh5 39. Qf7 Qg5 40.
Rf2 Qxe3 41. Rxd8 1-0

[Event "SR 3. liga A2 2018/2019"]
[Site "?"]
[Date "2019.01.27"]
[Round "7.3"]
[White "Kavon, Rastislav"]
[Black "Vogl, Zdenek"]
[Result "1-0"]
[WhiteElo "2191"]
[BlackElo "1859"]
[PlyCount "69"]
[EventDate "2018.??.??"]

1. e4 e5 2. Nf3 Nc6 3. Bc4 d6 4. O-O Bg4 5. c3 Nf6 6. Re1 Be7 7. h3 Bh5 8. d3
O-O 9. Nbd2 Na5 10. Bb5 a6 11. Ba4 b5 12. Bc2 c5 13. Nf1 Nc6 14. Ng3 Bg6 15.
Nh4 Nd7 16. Nhf5 Nb6 17. Qg4 Bf6 18. h4 Ne7 19. Nxe7+ Bxe7 20. h5 f5 21. exf5
Bf7 22. h6 g6 23. d4 Kh8 24. fxg6 Bxg6 25. dxc5 dxc5 26. Bxg6 Rg8 27. Qe4 Rxg6
28. Qxe5+ Bf6 29. Qxc5 Rc8 30. Qf5 Qf8 31. Bf4 Rc5 32. Re5 Rxe5 33. Bxe5 Rxh6
34. Ne4 Kg7 35. Nxf6 1-0

[Event "SR 3. liga A2 2018/2019"]
[Site "?"]
[Date "2019.01.27"]
[Round "7.3"]
[White "Harastova, Viera"]
[Black "Kozinka, Roman"]
[Result "0-1"]
[WhiteElo "1828"]
[BlackElo "1972"]
[PlyCount "60"]
[EventDate "2018.??.??"]

1. d4 f5 2. c4 Nf6 3. Nc3 e6 4. Bg5 Be7 5. Nf3 O-O 6. e3 h6 7. Bxf6 Bxf6 8. Bd3
Nc6 9. a3 Kh8 10. Qc2 a6 11. O-O-O Rb8 12. d5 Ne5 13. dxe6 Nxd3+ 14. Rxd3 d6
15. Nd5 Bxe6 16. Nxf6 Qxf6 17. Nd4 Bg8 18. Rc3 f4 19. Nf3 fxe3 20. Rxe3 Bh7 21.
Qc3 Qg6 22. Re7 b5 23. Rhe1 bxc4 24. Nd2 Rxf2 25. Rxc7 d5 26. Rd7 Qxg2 27. Qe5
Rg8 28. Rxd5 Bd3 29. Rd7 Rxd2 30. Qf4 Rxb2 0-1

[Event "SR 3. liga A2 2018/2019"]
[Site "?"]
[Date "2019.01.27"]
[Round "7.3"]
[White "Capanda, Jan"]
[Black "Vach, Jozef"]
[Result "1/2-1/2"]
[WhiteElo "1898"]
[BlackElo "1680"]
[PlyCount "121"]
[EventDate "2018.??.??"]

1. e4 e5 2. Nf3 Nc6 3. Bc4 Be7 4. a3 d6 5. Nc3 Nf6 6. d3 h6 7. h3 Na5 8. Ba2 c5
9. O-O O-O 10. Nh2 Be6 11. Nd5 Nc6 12. f4 Bxd5 13. exd5 Nb8 14. Ng4 Nbd7 15.
Qe2 Nxg4 16. Qxg4 Nf6 17. Qe2 Nd7 18. Bd2 Bf6 19. c3 exf4 20. Bxf4 Be5 21. Be3
Qe7 22. Qf3 Kh7 23. Rae1 Qd8 24. Bb1 g6 25. Re2 Bg7 26. Ref2 Qe7 27. Bd2 Rae8
28. Re1 Qf6 29. Rxe8 Rxe8 30. Qg3 Qe7 31. Bc2 Nf6 32. Qf3 Rf8 33. Re2 Qd7 34.
Bf4 Qf5 35. Bxd6 Qxf3 36. gxf3 Rd8 37. Bxc5 b6 38. Be7 Rxd5 39. d4 Nh5 40. Bb3
Rf5 41. d5 Rxf3 42. d6 Rd3 43. Bxf7 Nf4 44. Kf1 Rd1+ 45. Kf2 Nxh3+ 46. Ke3 h5
47. Rg2 Bh6+ 48. Ke4 Nf4 49. Rf2 Nd3 50. Rg2 Nf4 51. Rc2 g5 52. Rf2 Kg7 53.
Rxf4 gxf4 54. Bxh5 Rd2 55. Kf3 Kg8 56. Be8 Bf8 57. Bh5 Rxd6 58. Bxd6 Bxd6 59.
Ke4 Bc5 60. b4 Be3 61. b5 1/2-1/2

[Event "SR 3. liga A2 2018/2019"]
[Site "?"]
[Date "2019.01.27"]
[Round "7.3"]
[White "Vepy, Ivan"]
[Black "Lopatievov, Alexander"]
[Result "0-1"]
[WhiteElo "1868"]
[BlackElo "1841"]
[PlyCount "68"]
[EventDate "2018.??.??"]

1. e4 d5 2. exd5 Qxd5 3. Nf3 Bg4 4. Be2 c6 5. O-O Nf6 6. Nc3 Qa5 7. d4 Nbd7 8.
Bd2 Qc7 9. b4 e6 10. a3 Bd6 11. h3 Bh5 12. Nh4 Bxe2 13. Qxe2 O-O 14. Rae1 Bf4
15. Be3 Nb6 16. Kh1 Nbd5 17. Nxd5 cxd5 18. Rc1 Rac8 19. Nf3 Bxe3 20. Qxe3 Qc3
21. Rfe1 Ne4 22. Kg1 Rc7 23. Re2 Rfc8 24. Ne1 h6 25. Nd3 b6 26. Ne1 Rc4 27. Rd1
Qb2 28. Rd3 Rc3 29. Kh2 Qxa3 30. f3 Nd6 31. Rxc3 Qxc3 32. Nd3 Nf5 33. Qc1 Nxd4
34. Re1 Nxc2 0-1

[Event "SR 3. liga A2 2018/2019"]
[Site "?"]
[Date "2019.01.27"]
[Round "7.3"]
[White "Zarecky, Eduard"]
[Black "Harasta, Marian"]
[Result "1/2-1/2"]
[WhiteElo "1841"]
[BlackElo "1653"]
[PlyCount "62"]
[EventDate "2018.??.??"]

1. d4 d5 2. c4 c6 3. Nc3 Nf6 4. Nf3 Bg4 5. e3 e6 6. a3 a5 7. h3 Bh5 8. Be2 Bd6
9. cxd5 Nxd5 10. e4 Nxc3 11. bxc3 Nd7 12. c4 e5 13. Bb2 Bxf3 14. Bxf3 O-O 15.
O-O exd4 16. Bxd4 Ne5 17. Bxe5 Bxe5 18. Rb1 Rb8 19. Qxd8 Rfxd8 20. Rfd1 Rd4 21.
Rxd4 Bxd4 22. Kf1 b5 23. e5 Rb6 24. cxb5 cxb5 25. Rd1 Bc5 26. Rd8+ Bf8 27. Be2
g6 28. Rd5 b4 29. axb4 Rxb4 30. Rb5 a4 31. Rxb4 Bxb4 1/2-1/2

[Event "SR 3. liga A2 2018/2019"]
[Site "?"]
[Date "2019.01.27"]
[Round "7.3"]
[White "Bartos, Bohumil"]
[Black "Kramar, Matus"]
[Result "1-0"]
[WhiteElo "1543"]
[BlackElo "1705"]
[PlyCount "145"]
[EventDate "2018.??.??"]

1. d4 d5 2. Bf4 Bf5 3. e3 Nf6 4. c4 c6 5. Nc3 e6 6. Qb3 Qd7 7. Nf3 Be7 8. Ne5
Qc8 9. c5 Nbd7 10. Nxd7 Qxd7 11. h3 O-O 12. Be2 Rfe8 13. a4 Bf8 14. a5 Ne4 15.
f3 Nxc3 16. bxc3 f6 17. Kf2 Kh8 18. g4 Bg6 19. h4 h6 20. Bg3 a6 21. f4 Re7 22.
h5 Bh7 23. Rad1 Rae8 24. Bd3 Bxd3 25. Rxd3 Qd8 26. Bh4 Rf7 27. Qa2 Be7 28. Kg3
Qc7 29. Kh3 Bd8 30. Ra1 Qd7 31. Qg2 e5 32. dxe5 fxe5 33. Bxd8 Qxd8 34. f5 e4
35. Rdd1 Qe7 36. Qd2 Qxc5 37. Qd4 Qxd4 38. cxd4 Rc7 39. Rdc1 Rec8 40. Rc5 Kg8
41. Kg3 Kf7 42. Kf4 Kf6 43. Rb1 Rb8 44. Rb6 Rf7 45. Rxd5 Ke7 46. Re5+ Kd6 47.
Kxe4 Re7 48. Rxe7 Kxe7 49. Ke5 Kd7 50. Kf4 Kc7 51. Rb1 Rd8 52. Rb4 Rd5 53. Ra4
Kd7 54. e4 Rb5 55. e5 Ke7 56. g5 Rb1 57. gxh6 gxh6 58. Ra3 Rf1+ 59. Rf3 Rh1 60.
Kg4 Rg1+ 61. Rg3 Rd1 62. Kf3 Rd3+ 63. Kf2 Rxd4 64. Rg7+ Kf8 65. f6 Rf4+ 66. Ke3
Rf5 67. Kd4 Rxh5 68. Rxb7 Rh4+ 69. Kc5 Re4 70. Kd6 c5 71. e6 Rb4 72. Rxb4 cxb4
73. Kd7 1-0

[Event "SR 3. liga A2 2018/2019"]
[Site "?"]
[Date "2019.01.27"]
[Round "7.3"]
[White "Dobis, Pavol"]
[Black "Danihel, Jozef"]
[Result "0-1"]
[WhiteElo "1563"]
[BlackElo "1521"]
[PlyCount "72"]
[EventDate "2018.??.??"]

1. d4 Nf6 2. c4 e6 3. Nc3 d5 4. e3 a6 5. Nf3 Bd6 6. cxd5 exd5 7. h3 O-O 8. Bd3
Re8 9. O-O Nbd7 10. Qc2 c6 11. a3 Nf8 12. Bd2 Bd7 13. Ne2 Ne4 14. Nc3 f5 15.
Be1 Ng6 16. Nd2 Rf8 17. f4 Qe7 18. Ndxe4 fxe4 19. Be2 Nh4 20. Bd1 Nf5 21. Qf2
Rf6 22. Bg4 Rg6 23. Bxf5 Bxf5 24. Kh1 Rf8 25. Ne2 Qd7 26. Ng1 Rh6 27. Qg3 Rff6
28. h4 Rfg6 29. Qh2 Rh5 30. g3 Rg4 31. Rc1 Be7 32. Rc2 Qd8 33. Nh3 h6 34. Rg2
c5 35. Qg1 Rg6 36. Bf2 Bxh3 0-1

[Event "SR 3. liga A2 2018/2019"]
[Site "?"]
[Date "2019.01.27"]
[Round "7.4"]
[White "Nemsak, Denis"]
[Black "Veselsky, Jozef"]
[Result "1-0"]
[WhiteElo "2012"]
[BlackElo "2168"]
[PlyCount "113"]
[EventDate "2018.??.??"]

1. e4 c5 2. Nc3 Nc6 3. f4 g6 4. Nf3 Bg7 5. Bb5 d6 6. Bxc6+ bxc6 7. O-O Nf6 8.
d3 O-O 9. h3 Rb8 10. Qe1 e6 11. e5 dxe5 12. fxe5 Nd7 13. Kh1 Qc7 14. b3 Nxe5
15. Bf4 f6 16. Bxe5 fxe5 17. Ne4 Qe7 18. Qf2 Rf5 19. Rae1 Bd7 20. Qxc5 Qd8 21.
Qe3 Qb6 22. Nd6 Rh5 23. Nc4 Qc7 24. Nfxe5 Re8 25. Ng4 Rf5 26. Nh6+ Bxh6 27.
Qxh6 e5 28. Rxf5 Bxf5 29. Qg5 e4 30. dxe4 Bxe4 31. Qh4 g5 32. Qxg5+ Kh8 33. Qh4
Bg6 34. Rxe8+ Bxe8 35. Qf6+ Kg8 36. Nd6 Bg6 37. Qe6+ Kg7 38. Qe5+ Kg8 39. c4
Qd8 40. c5 Qa5 41. Nc8 Qxa2 42. Ne7+ Kf7 43. Nxc6 Qxb3 44. Nd8+ Kg8 45. Ne6 Kf7
46. Ng5+ Kg8 47. c6 Qb1+ 48. Kh2 Qf5 49. Qg3 a5 50. c7 a4 51. Qd6 Bf7 52. Ne4
a3 53. Qd8+ Kg7 54. c8=Q Qf4+ 55. Ng3 a2 56. Qf8+ Kg6 57. Qc6+ 1-0

[Event "SR 3. liga A2 2018/2019"]
[Site "?"]
[Date "2019.01.27"]
[Round "7.4"]
[White "Csuri, Szilveszter"]
[Black "Brunovsky, Peter"]
[Result "0-1"]
[WhiteElo "1965"]
[BlackElo "1863"]
[PlyCount "86"]
[EventDate "2018.??.??"]

1. e4 c6 2. d4 d5 3. e5 Bf5 4. Nf3 e6 5. Be2 Ne7 6. O-O Bg6 7. a3 Nf5 8. b4 Be7
9. Bb2 O-O 10. Nbd2 Nd7 11. Nb3 Nb6 12. Nfd2 Na4 13. Ra2 Nxb2 14. Rxb2 Qc7 15.
Bd3 a5 16. Bxf5 Bxf5 17. g4 Bg6 18. f4 f5 19. c3 axb4 20. axb4 fxg4 21. Qxg4
Bf5 22. Qg3 Kh8 23. Kh1 Rg8 24. Nf3 Qd8 25. Ng5 Bxg5 26. fxg5 b6 27. h4 Qe8 28.
Nd2 Ra3 29. Kh2 Qh5 30. Rf3 Rga8 31. Nf1 Ra2 32. Rff2 Rxb2 33. Rxb2 Ra1 34. Rf2
g6 35. Ne3 Be4 36. Qf4 Bf5 37. Nxf5 gxf5 38. Rf3 Re1 39. Kh3 Rh1+ 40. Kg3 Rg1+
41. Kf2 Rg4 42. Qc1 Qxh4+ 43. Ke2 Rg2+ 0-1

[Event "SR 3. liga A2 2018/2019"]
[Site "?"]
[Date "2019.01.27"]
[Round "7.4"]
[White "Takacs, Zsolt"]
[Black "Szitasi, Janos"]
[Result "0-1"]
[WhiteElo "1811"]
[BlackElo "1978"]
[PlyCount "102"]
[EventDate "2018.??.??"]

1. e4 c5 2. Nf3 d6 3. d4 cxd4 4. Nxd4 Nf6 5. Nc3 g6 6. Bb5+ Bd7 7. Bxd7+ Nbxd7
8. O-O Bg7 9. Nb3 O-O 10. Bg5 Rc8 11. Qd2 a6 12. Bh6 b5 13. Bxg7 Kxg7 14. Rfe1
Ne5 15. Rab1 Qc7 16. a3 Rfd8 17. Qe2 e6 18. Red1 Nc4 19. Nd2 Nxb2 20. Nxb5 axb5
21. Rxb2 Qc3 22. Rdb1 Qxa3 23. Qxb5 Qc3 24. Qd3 d5 25. Qxc3 Rxc3 26. f3 dxe4
27. Nxe4 Nxe4 28. fxe4 Rd2 29. Re1 Rcxc2 30. Rxc2 Rxc2 31. h4 h5 32. Re3 e5 33.
Kh2 Kf6 34. Kh3 Rc1 35. Rb3 Rc4 36. Re3 Ke6 37. g4 hxg4+ 38. Kxg4 Rxe4+ 39.
Rxe4 f5+ 40. Kf3 fxe4+ 41. Kxe4 Kf6 42. Ke3 Kf5 43. Kf3 e4+ 44. Ke3 Ke5 45. Ke2
Kf4 46. Kf2 Kg4 47. Ke3 Kxh4 48. Kxe4 Kg3 49. Ke3 g5 50. Ke2 g4 51. Kf1 Kh2 0-1

[Event "SR 3. liga A2 2018/2019"]
[Site "?"]
[Date "2019.01.27"]
[Round "7.4"]
[White "Vegh, Vince"]
[Black "Zajicek, Ferdinand"]
[Result "1-0"]
[WhiteElo "1937"]
[BlackElo "1734"]
[PlyCount "33"]
[EventDate "2018.??.??"]

1. e4 c5 2. Nf3 d6 3. d4 cxd4 4. Nxd4 Nf6 5. Nc3 g6 6. f3 Bg7 7. Be3 Bd7 8. Qd2
Nc6 9. Bc4 O-O 10. h4 Nxd4 11. Bxd4 Qc7 12. Bb3 b5 13. h5 b4 14. Nd5 Qd8 15.
hxg6 fxg6 16. Nxf6+ Kh8 17. Rxh7# 1-0

[Event "SR 3. liga A2 2018/2019"]
[Site "?"]
[Date "2019.01.27"]
[Round "7.4"]
[White "Kastler, Peter"]
[Black "Meszaros, Lorant"]
[Result "0-1"]
[WhiteElo "1741"]
[BlackElo "1925"]
[PlyCount "124"]
[EventDate "2018.??.??"]

1. d4 f5 2. c4 Nf6 3. g3 g6 4. Bg2 Bg7 5. f4 O-O 6. Nf3 d6 7. O-O c6 8. Nc3 Re8
9. Qc2 Na6 10. Re1 Qb6 11. Qb3 Qxb3 12. axb3 Nb4 13. Rd1 Ne4 14. e3 h6 15. Nxe4
fxe4 16. Ne1 Bg4 17. Rd2 d5 18. h3 Bd7 19. c5 b6 20. Ra4 a5 21. Bf1 bxc5 22.
dxc5 e5 23. Nc2 exf4 24. gxf4 Nd3 25. Bxd3 exd3 26. Rxd3 Bf5 27. Rd2 Bf8 28.
Kf2 Bxc5 29. h4 h5 30. Nd4 Bb4 31. Rd1 Bd7 32. Bd2 Bxd2 33. Rxd2 c5 34. Nf3
Bxa4 35. bxa4 Red8 36. Ng5 c4 37. Ne6 Rd6 38. Nd4 Re8 39. Kf3 Kf7 40. Ke2 Rb6
41. Nf3 Ree6 42. Nd4 Re8 43. Nb5 Ke7 44. Nc3 Ke6 45. Kf3 Rb3 46. Nb5 Rxb5 47.
axb5 Rb8 48. Rg2 Kf6 49. b6 Rxb6 50. Rg5 Rb5 51. e4 Rb3+ 52. Ke2 Rxb2+ 53. Ke3
Rb3+ 54. Kd4 Rd3+ 55. Kc5 c3 56. e5+ Kf7 57. Kd6 c2 58. e6+ Kf6 59. e7 c1=Q 60.
Rxg6+ Kf7 61. Kd7 Qe3 62. Re6 Qxe6+ 0-1

[Event "SR 3. liga A2 2018/2019"]
[Site "?"]
[Date "2019.01.27"]
[Round "7.4"]
[White "Both, Lajos"]
[Black "Kanka, Tomas"]
[Result "0-1"]
[WhiteElo "1799"]
[BlackElo "1701"]
[PlyCount "134"]
[EventDate "2018.??.??"]

1. Nf3 Nf6 2. c4 c5 3. b3 Nc6 4. Bb2 d6 5. Bxf6 exf6 6. e4 Bg4 7. Be2 Bxf3 8.
Bxf3 g6 9. Nc3 Bg7 10. O-O O-O 11. Rb1 Re8 12. Re1 a5 13. Nd5 Nb4 14. Nc3 Nd3
15. Re3 Ne5 16. Nb5 Bh6 17. Rc3 Qb6 18. Be2 Rad8 19. f3 Nc6 20. a3 Re6 21. Qe1
Rde8 22. Rd3 Bf8 23. Qg3 Nd4 24. Nxd4 cxd4 25. Bf1 Re5 26. Qf2 d5 27. cxd5 Bxa3
28. Kh1 Bc5 29. g3 f5 30. Bg2 Qb5 31. Qf1 fxe4 32. fxe4 f5 33. exf5 Rxf5 34.
Rf3 Qxf1+ 35. Rfxf1 Rxf1+ 36. Bxf1 Rd8 37. Bh3 Kg7 38. Be6 b6 39. Kg2 Rf8 40.
d3 Rf6 41. Rc1 Kf8 42. Rc4 Ke7 43. h3 h6 44. Rc2 Kd6 45. Re2 Bb4 46. Re4 Bc3
47. Bg8 b5 48. Re8 Kc5 49. Rc8+ Kb6 50. Be6 Bb4 51. Rc6+ Ka7 52. Rc7+ Kb8 53.
Rh7 g5 54. g4 a4 55. bxa4 bxa4 56. Rh8+ Ka7 57. Rc8 Bd6 58. Rc4 a3 59. Ra4+ Kb6
60. Bf5 Rf7 61. Rc4 Rc7 62. Ra4 Ra7 63. Rc4 a2 64. Rc6+ Ka5 65. Rc1 Kb4 66. Ra1
Kb3 67. Kf3 Kb2 0-1